MARC
|
|
|
|
| LEADER |
00000nam0a2200000 4500 |
| 001 |
113830 |
| 005 |
20231031122028.0 |
| 010 |
|
|
|a 5238008937
|
| 035 |
|
|
|a (RuTPU)RU\TPU\book\123094
|
| 090 |
|
|
|a 113830
|
| 100 |
|
|
|a 20070417d2005 m y0rusy50 ca
|
| 101 |
0 |
|
|a rus
|
| 102 |
|
|
|a RU
|
| 105 |
|
|
|a a j 001zy
|
| 200 |
1 |
|
|a Коммерческая деятельность в сфере товарного обращения
|e учебник для вузов
|f И. М. Синяева
|
| 205 |
|
|
|a 3-е изд., перераб. и доп.
|
| 210 |
|
|
|a Москва
|c ЮНИТИ
|d 2005
|
| 215 |
|
|
|a 368 с.
|c ил.
|
| 320 |
|
|
|a Библиогр.: с. 353.
|
| 333 |
|
|
|a Исключено из фонда НТБ ТПУ
|
| 686 |
|
|
|a У9(2)42я73
|v LBC/SL-A
|2 rubbk
|
| 700 |
|
1 |
|a Синяева
|b И. М.
|g Инга Михайловна
|
| 801 |
|
1 |
|a RU
|b 63413507
|c 20070417
|g PSBO
|
| 801 |
|
2 |
|a RU
|b 63413507
|c 20220331
|g PSBO
|
| 942 |
|
|
|c BK
|
| 959 |
|
|
|a 29/20070323
|d 1
|e 140,00
|f ЧЗГЛ:1
|